000 00295nam a22001337a 4500
008 170502b xxu||||| |||| 00| 0 eng d
020 _a2901599412558
041 _aeng
080 _27TH
_a34
100 _a14
101 _aSHJ
245 _aSTUDIES IN CONTRACT LAW
_cAYRES, I
942 _2udc
_cBK
999 _c12425
_d12425